| 000 | 01398nam a2200337 a 4500 | ||
|---|---|---|---|
| 001 | ebr10677544 | ||
| 003 | CaPaEBR | ||
| 006 | m u | ||
| 007 | cr cn||||||||| | ||
| 008 | 120629s2013 nyuad sb 001 0 eng d | ||
| 010 | _z 2012943230 | ||
| 020 | _z9781622575442 (hardcover) | ||
| 020 | _z9781622575527 (e-book) | ||
| 040 |
_aCaPaEBR _cCaPaEBR |
||
| 035 | _a(OCoLC)839691239 | ||
| 050 | 1 | 4 |
_aRA423.2 _b.H43 2013eb |
| 245 | 0 | 0 |
_aHealth risk communication _h[electronic resource] / _cMarijke Lemal and Joav Merrick, editors. |
| 260 |
_aHauppauge, N.Y. : _bNova Science Publishers, Inc., _c2013. |
||
| 300 |
_axvii, 168 p. : _bill. (some col.). |
||
| 490 | 1 | _aHealth and human development | |
| 504 | _aIncludes bibliographical references and index. | ||
| 505 | 0 | _asection 1. Health risk communication -- section 2. Acknowledgments -- section 3. Index. | |
| 533 |
_aElectronic reproduction. _bPalo Alto, Calif. : _cebrary, _d2013. _nAvailable via World Wide Web. _nAccess may be limited to ebrary affiliated libraries. |
||
| 650 | 0 | _aHealth risk communication. | |
| 655 | 7 |
_aElectronic books. _2local |
|
| 700 | 1 | _aLemal, Marijke. | |
| 700 | 1 | _aMerrick, Joav. | |
| 710 | 2 | _aebrary, Inc. | |
| 830 | 0 | _aHealth and human development series. | |
| 856 | 4 | 0 |
_uhttp://site.ebrary.com/lib/rucke/Doc?id=10677544 _zAn electronic book accessible through the World Wide Web; click to view |
| 999 |
_c59275 _d59275 |
||